Music Quiz

Random Music or Song Quiz
Score 0/32 Timer 05:00
0 Plays Today
Song Title Word % Correct
Teardrops On My ________Guitar
91.3%
________ & Always Forever
90.5%
Sparks ________Fly
89.6%
Should've Said ________No
89.5%
________ McGrawTim
89.2%
White ________Horse
88.9%
________ JohnDear
87.3%
The Story Of ________Us
86.3%
Picture To ________Burn
85.8%
You ________ With MeBelong
85.7%
Back To ________ December
84.2%
Love ________Story
83.2%
Today Was A ________Fairytale
80%
The Other ________ Of The DoorSide
79.8%
________ Grow UpNever
79.4%
The Best ________Day
76.1%
Song Title Word % Correct
The ________ I Loved YouWay
74.8%
________ NowSpeak
73.3%
Hey ________Stephen
68.5%
Cold As ________You
68.2%
I'm ________ Me When I'm With YouOnly
67.8%
You're Not ________Sorry
66.3%
If This Was A ________Movie
63.6%
Tell Me ________Why
62.2%
________ Then FallJump
61.2%
Better Than ________Revenge
61.1%
Last ________Kiss
60.3%
Long ________Live
57%
Come In With The ________Rain
56.6%
A ________ In This WorldPlace
53.3%
I'd ________Lie
51.2%
Stay ________Beautiful
43.2%
Remove Ads.
Support Sporcle.
Get the best of Sporcle when you Go Orange. This ad-free experience offers more features, more stats, and more fun while also helping to support Sporcle. Thank you for becoming a member.

You're not logged in!

Compare scores with friends on all Sporcle quizzes.
OR
Log In

Show Comments

Extras

Top Quizzes Today


Score Distribution

Your Account Isn't Verified!

In order to create a playlist on Sporcle, you need to verify the email address you used during registration. Go to your Sporcle Settings to finish the process.

Report this User

Report this user for behavior that violates our Community Guidelines.

Details: